Gemina / Amie Kaufman & Jay Kristoff ; journal illustrations by Marie Lu.
"When the space station Heimdall is invaded, Hannah and Nik must work together to defeat the enemy"-- Provided by publisher.
On board the Jump Station Heimdall, Hanna is the captain's pampered daughter; Nik a member of a notorious crime family. While they are struggling with the realities of life aboard the galaxy's most boring space station, little do they know that Kady Grant and the Hypatia are headed right toward Heimdall, carrying news of the Kerenza invasion. When an elite BeiTech strike team invades the station, Hanna and Nik are thrown together. But alien predators are picking off the station residents one by one, and a malfunction in the station's wormhole means the space-time continuum might be ripped in two. The fate of the Hypatia-- and possibly the known universe-- is in their hands.
Record details
- ISBN: 9780553499155
- ISBN: 0553499157
- ISBN: 9780553499162
- ISBN: 0553499165
- Physical Description: 659 pages : illustrations ; 24 cm.
- Edition: First edition.
- Publisher: New York : Alfred A. Knopf, ©2016.
Search for related items by subject
| Subject: | Interplanetary voyages > Fiction. Artificial intelligence > Fiction. Space stations > Juvenile fiction. |
| Genre: | Science fiction. |
Search for related items by series
Available copies
- 1 of 1 copy available at scottsboropl.
Holds
- 0 current holds with 1 total copy.
Show Only Available Copies
| Location | Call Number / Copy Notes | Barcode | Shelving Location | Status | Due Date |
|---|---|---|---|---|---|
| scottsboropl | YA Kau | 32269001001018 | Young Adult - Fiction | Available | - |
| LDR | 02308cam a22004458i 4500 | ||
|---|---|---|---|
| 001 | 142336 | ||
| 003 | CONS | ||
| 005 | 20161107130645.0 | ||
| 008 | 151208t20162016nyua d 000 1 eng | ||
| 010 | . | ‡a 2015037131 | |
| 020 | . | ‡a9780553499155 ‡q(hardcover) | |
| 020 | . | ‡a0553499157 ‡q(hardcover) | |
| 020 | . | ‡a9780553499162 ‡q(library binding) | |
| 020 | . | ‡a0553499165 ‡q(library binding) | |
| 020 | . | ‡z9780553499179 ‡q(ebook) | |
| 035 | . | ‡a(CPomAG)LMN596890 | |
| 042 | . | ‡alcac ‡apcc | |
| 050 | 0 | 0. | ‡aPZ7.K1642 ‡bGe 2016 |
| 082 | 0 | 0. | ‡a[Fic] ‡223 |
| 100 | 1 | . | ‡aKaufman, Amie, ‡eauthor. |
| 245 | 1 | 0. | ‡aGemina / ‡cAmie Kaufman & Jay Kristoff ; journal illustrations by Marie Lu. |
| 250 | . | ‡aFirst edition. | |
| 264 | 1. | ‡aNew York : ‡bAlfred A. Knopf, ‡c©2016. | |
| 300 | . | ‡a659 pages : ‡billustrations ; ‡c24 cm. | |
| 336 | . | ‡atext ‡btxt ‡2rdacontent | |
| 337 | . | ‡aunmediated ‡bn ‡2rdamedia | |
| 338 | . | ‡avolume ‡bnc ‡2rdacarrier | |
| 490 | 1 | . | ‡aThe Illuminae Files ; ‡v02 |
| 520 | . | ‡a"When the space station Heimdall is invaded, Hannah and Nik must work together to defeat the enemy"-- ‡cProvided by publisher. | |
| 520 | . | ‡aOn board the Jump Station Heimdall, Hanna is the captain's pampered daughter; Nik a member of a notorious crime family. While they are struggling with the realities of life aboard the galaxy's most boring space station, little do they know that Kady Grant and the Hypatia are headed right toward Heimdall, carrying news of the Kerenza invasion. When an elite BeiTech strike team invades the station, Hanna and Nik are thrown together. But alien predators are picking off the station residents one by one, and a malfunction in the station's wormhole means the space-time continuum might be ripped in two. The fate of the Hypatia-- and possibly the known universe-- is in their hands. | |
| 650 | 1. | ‡aInterplanetary voyages ‡vFiction. | |
| 650 | 1. | ‡aArtificial intelligence ‡vFiction. | |
| 650 | 0. | ‡aSpace stations ‡vJuvenile fiction. | |
| 655 | 7. | ‡aScience fiction. ‡2lcgt | |
| 700 | 1 | . | ‡aKristoff, Jay, ‡eauthor. |
| 700 | 1 | . | ‡aLu, Marie, ‡d1984- ‡eillustrator. |
| 800 | 1 | . | ‡aKaufman, Amie. ‡tIlluminae files ; ‡v2. |
| 914 | . | ‡dNWP_jp | |
| 959 | . | ‡i32269001001018 ‡lYA Kau ‡aYoung Adult - Fiction ‡tYA Fiction ‡g25.00 | |
| 852 | . | ‡p32269001001018 ‡jYA Kau ‡gYoung Adult - Fiction ‡cYA Fiction ‡y25.00 ‡bSBPL | |
| 901 | . | ‡a142336 ‡bUnknown ‡c142336 ‡tbiblio | |